L'élargissement européen au prisme des fonds structurels : vers une européanisation de la gestion publique du territoire en Pologne ? (notice n° 1631010)
[ vue normale ]
| 000 -LEADER | |
|---|---|
| fixed length control field | 01626cam a2200157 4500500 |
| 005 - DATE AND TIME OF LATEST TRANSACTION | |
| control field | 20260111104658.0 |
| 041 ## - LANGUAGE CODE | |
| Language code of text/sound track or separate title | fre |
| 042 ## - AUTHENTICATION CODE | |
| Authentication code | dc |
| 100 10 - MAIN ENTRY--PERSONAL NAME | |
| Personal name | Aïssaoui, Hakim |
| Relator term | author |
| 245 00 - TITLE STATEMENT | |
| Title | L'élargissement européen au prisme des fonds structurels : vers une européanisation de la gestion publique du territoire en Pologne ? |
| 260 ## - PUBLICATION, DISTRIBUTION, ETC. | |
| Date of publication, distribution, etc. | 2005.<br/> |
| 500 ## - GENERAL NOTE | |
| General note | 47 |
| 520 ## - SUMMARY, ETC. | |
| Summary, etc. | Cet article s’intéresse à l’impact politique des fonds structurels européens sur la gestion publique du territoire en Pologne. Si leur effet est à apprécier par rapport à la création d’institutions régionales décentralisées qu’ils ont contribué à faire émerger, rien n’indique pour autant que cela participe d’une véritable autonomisation de l’action publique territoriale. Il ne semble par exister de modèle unique d’action territoriale au sein de l’Union européenne élargie ; s’il y a convergence des dispositifs d’intervention publique du fait de la Politique régionale communautaire, celle-ci s’accommode d’une perpétuation voire d’un renforcement du modèle hiérarchique d’organisation territoriale qui prévalait avant 1989 en Pologne. La mobilisation collective continue à s’opérer davantage « pour » le territoire que « par » le territoire et ne concourt pas à une complète appropriation de la question du développement économique par les acteurs locaux et régionaux. |
| 786 0# - DATA SOURCE ENTRY | |
| Note | Politique européenne | 15 | 1 | 2005-01-01 | p. 61-84 | 1623-6297 |
| 856 41 - ELECTRONIC LOCATION AND ACCESS | |
| Uniform Resource Identifier | <a href="https://shs.cairn.info/revue-politique-europeenne-2005-1-page-61?lang=fr&redirect-ssocas=7080">https://shs.cairn.info/revue-politique-europeenne-2005-1-page-61?lang=fr&redirect-ssocas=7080</a> |
Pas d'exemplaire disponible.




Réseaux sociaux